| 000 | 00772nam a2200217 i 4500 | ||
|---|---|---|---|
| 001 | 145950 | ||
| 003 | ES-MaACL | ||
| 005 | 20230906201351.0 | ||
| 007 | t| | ||
| 008 | 071018s1916 sp ||||1| spa d | ||
| 080 | _a622(464.3) | ||
| 080 | _a622.349.9(460.354 Almadén) | ||
| 100 | 1 |
_aVerdejo Mesas, Francisco. _9114018 |
|
| 245 | 1 | 0 |
_aMinas de Almadén : _bconferencia de Francisco Verdejo Mesas el día 9 de noviembre de 1916, inspirada en una memoria sobre las minas de Almadén del señor D. Rafael Cavanillas. |
| 260 |
_aAlmadén : _bEulogio Gallego, _c1916. |
||
| 300 |
_a47 p. ; _c27 cm. |
||
| 650 |
_aMinas- _zAlmadén. _9136500 |
||
| 650 |
_aMinas de mercurio- _zAlmadén. _9167428 |
||
| 700 | 1 |
_aCavanillas, Rafael. _937158 |
|
| 852 | 4 |
_aES-MaACL _j1555-F-16 |
|
| 999 |
_c145950 _d145950 |
||